[Event "Skalica Masters 2020"]
[Site "Skalica"]
[Date "2020.08.25"]
[Round "3.1"]
[White "Gazik, Viktor"]
[Black "Jablonicky, Martin"]
[Result "1-0"]
[WhiteElo "2502"]
[BlackElo "2314"]
[Annotator "TA"]
[PlyCount "30"]
[EventDate "2020.08.23"]
[EventType "tourn"]
[EventCountry "SVK"]
[SourceTitle "playchess.com"]
[Source "ChessBase"]
[SourceQuality "1"]

{[%evp 13,30,34,31,44,83,27,35,29,40,37,24,21,30,20,26,23,33,13,808]} 1. d4 d5 2. c4 dxc4 3. e4 e5 4. Nf3 Bb4+ 5. Bd2 Bxd2+ 6. Nbxd2 exd4 7. Bxc4 Nf6 8. e5 {[%mdl 1024] White has compensation. D20: Queen's Gambit Accepted: 3 e3 and 3 e4.} Nfd7 9. O-O ({White should try} 9. e6 $16 fxe6 10. Nxd4) 9... O-O 10. Re1 {White is slightly better.} Nc6 11. Nb3 Nb6 {[#]} 12. Bb5 $146 ({Predecessor:} 12. Bd3 Nb4 13. Nfxd4 Nxd3 14. Qxd3 Be6 15. Rad1 Bd5 16. Qg3 Qc8 17. Nc5 Rd8 18. Qh4 {1-0 (35) Landenbergue,C (2446)-Ordaz Valdes,L (2216) Havana 2006}) 12... Bd7 13. Bxc6 Bxc6 14. Nfxd4 Bd5 15. Qg4 Qc8 $2 {[%mdl 8192] Accuracy: White = 88%, Black = 69%.} (15... Qd7 $11 16. Qxd7 Nxd7) 1-0

[Event "Skalica Masters 2020"]
[Site "Skalica"]
[Date "2020.08.25"]
[Round "3.2"]
[White "Schwarz, Dusan"]
[Black "Sahidi, Samir"]
[Result "1/2-1/2"]
[WhiteElo "2297"]
[BlackElo "2400"]
[Annotator "TA"]
[PlyCount "96"]
[EventDate "2020.08.23"]
[EventType "tourn"]
[EventCountry "SVK"]
[SourceTitle "playchess.com"]
[Source "ChessBase"]
[SourceQuality "1"]

{[%evp 19,96,0,15,-22,13,21,20,25,112,0,0,0,0,3,5,4,8,0,0,0,0,0,0,0,0,-14,-21,-16,-21,-18,0,0,0,-3,0,0,0,0,0,0,0,0,0,0,0,0,0,0,0,0,0,0,0,0,0,0,0,0,0,0,0,0,0,0,0,0,0,0,0,0,0,0,0,0,0,0,0,0,0]} 1. d4 Nf6 2. c4 g6 3. Nc3 d5 4. cxd5 Nxd5 5. Bd2 Bg7 6. e4 Nb6 7. Be3 O-O 8. f4 Nc6 9. d5 Na5 10. Bd4 e5 11. fxe5 {D70: Grünfeld: Unusual White 3rd moves (met by ...d5).} Nac4 12. Bxc4 Nxc4 13. Nf3 {[#]} Qe7 $146 {[#]} (13... Bg4 $11 {keeps the balance.}) ({Predecessor:} 13... Bg4 14. O-O Nxe5 15. Bxe5 Bxe5 16. Qd2 Bg7 17. Rac1 c6 18. dxc6 bxc6 19. Qxd8 Rfxd8 {0-1 (61) Gabriel,R (2205)-Blees,A (2380) Krumbach 1991}) 14. Qd3 ({Only move:} 14. d6 $1 $16 {[%cal Rd6e7]} cxd6 15. Nd5) 14... Nxe5 $11 {The position is equal.} 15. Nxe5 Bxe5 16. O-O Bd7 17. Rad1 Rae8 18. Bxe5 Qxe5 19. Qd4 a6 20. Qb4 b5 21. a3 f5 22. exf5 Qe3+ 23. Kh1 Rxf5 24. Qh4 Rxf1+ 25. Rxf1 Bf5 26. h3 Qe5 27. Qf2 h5 28. Kg1 Kh7 29. Qf4 Kg7 30. g4 hxg4 31. hxg4 Bd3 32. Qxe5+ Rxe5 {[%mdl 4096] Endgame KRB-KRN} 33. Rd1 Bc4 34. d6 cxd6 35. Rxd6 a5 36. Rd4 Re1+ 37. Kf2 Rc1 38. a4 Rc2+ {[%mdl 64] [#] Double Attack} 39. Ke3 Rxb2 40. axb5 Bxb5 41. Rd5 Rb3 42. Kd2 Bc6 43. Rxa5 Kh6 44. Nd1 Bf3 45. Nf2 Bg2 46. Nd3 Bf1 47. Nf4 Bb5 48. Ne6 Rb4 {Accuracy: White = 93%, Black = 90%.} 1/2-1/2

[Event "Skalica Masters 2020"]
[Site "Skalica"]
[Date "2020.08.25"]
[Round "3.3"]
[White "Blohberger, Felix"]
[Black "Yankelevich, Lev"]
[Result "1-0"]
[WhiteElo "2467"]
[BlackElo "2461"]
[Annotator "TA"]
[PlyCount "49"]
[EventDate "2020.08.23"]
[EventType "tourn"]
[EventCountry "SVK"]
[SourceTitle "playchess.com"]
[Source "ChessBase"]
[SourceQuality "1"]

{[%evp 17,49,0,35,10,38,0,36,14,26,35,110,120,60,37,70,66,72,82,282,281,274,272,273,271,267,276,286,261,1314,1224,29995,29996,29996,29997]} 1. d4 Nf6 2. c4 c5 3. Nf3 cxd4 4. Nxd4 e5 5. Nb5 d5 6. cxd5 Bc5 7. e3 O-O 8. N5c3 e4 9. Nd2 Bf5 (9... Re8 {is interesting.} 10. Be2 Nbd7 11. O-O Nb6 12. Qb3 Bd6) 10. Be2 {A31: Symmetrical English: 2 Nf3 Nf6 3 d4.} Bb4 {[#]} 11. g4 $146 ({Predecessor:} 11. O-O Bxc3 12. bxc3 Qxd5 13. c4 Qa5 14. Nb3 Qc7 15. Bb2 Nc6 16. Nd4 Rfd8 17. Qc2 Bg6 18. Nxc6 Qxc6 {1-0 (32) Fernandez,D (2350)-Horspool,P (2008) Coventry 2013}) 11... Bg6 12. h4 {Strongly threatening h5.White is slightly better.} h6 $1 13. Qb3 Bxc3 (13... Na6 $14) 14. bxc3 $16 Qxd5 15. Bb2 Nc6 16. c4 $36 {[%mdl 2048] White has the initiative.} Qe6 17. Qc3 h5 $2 {A mistake that costs the game.} (17... Rfd8 $16) 18. gxh5 $18 Bxh5 {[#]} 19. Rg1 $1 Kh8 20. Bxh5 Nxh5 {[#]} 21. Rg5 $1 {[%cal Rg5h5]} ({Much less strong is} 21. Rxg7 $6 f6 $16) 21... Nf6 22. O-O-O Rfd8 $2 (22... Rg8 23. Rdg1 Nh7 24. Rxg7 f6 25. Rxg8+ Rxg8 26. Rxg8+ Kxg8) 23. Rdg1 {White threatens Qxf6! and mate.} Ne8 {[#]} 24. Qxg7+ $1 {[%mdl 576] Back Rank} Nxg7 25. Bxg7+ {Accuracy: White = 89%, Black = 37%.} 1-0

[Event "Skalica Masters 2020"]
[Site "Skalica"]
[Date "2020.08.25"]
[Round "3.4"]
[White "Berkes, Ferenc"]
[Black "Saric, Ivan"]
[Result "1/2-1/2"]
[WhiteElo "2661"]
[BlackElo "2646"]
[Annotator "TA"]
[PlyCount "31"]
[EventDate "2020.08.23"]
[EventType "tourn"]
[EventCountry "SVK"]
[SourceTitle "playchess.com"]
[Source "ChessBase"]
[SourceQuality "1"]

{[%evp 15,31,0,9,-4,6,13,12,12,11,11,16,17,13,17,13,17,15,16]} 1. d4 Nf6 2. c4 e6 3. Nf3 d5 4. g3 Bb4+ 5. Bd2 Be7 6. Bg2 O-O 7. O-O c6 8. Qb3 Nbd7 {The position is equal.} 9. Bb4 {E11: Bogo-Indian.} Re8 $5 {[%mdl 4] Exploring less charted territory.} 10. Bxe7 Qxe7 11. Nc3 dxc4 12. Qxc4 e5 13. dxe5 Nxe5 14. Nxe5 Qxe5 15. Rfd1 Be6 16. Qb4 {A rather calm draw.} 1/2-1/2

[Event "Skalica Masters 2020"]
[Site "Skalica"]
[Date "2020.08.25"]
[Round "3.5"]
[White "Donchenko, Alexander"]
[Black "Druska, Juraj"]
[Result "1-0"]
[WhiteElo "2657"]
[BlackElo "2515"]
[Annotator "TA"]
[PlyCount "141"]
[EventDate "2020.08.23"]
[EventType "tourn"]
[EventCountry "SVK"]
[SourceTitle "playchess.com"]
[Source "ChessBase"]
[SourceQuality "1"]

{[%evp 15,141,16,23,23,16,11,20,11,14,12,20,0,0,0,0,0,10,0,14,14,19,0,0,0,13,0,0,0,2,0,0,0,0,-12,0,0,0,-8,0,-5,0,0,0,0,112,108,100,106,94,112,101,99,96,87,139,76,91,0,0,0,0,0,0,0,0,0,4,4,3,0,0,0,0,0,0,0,0,0,8,40,137,119,153,127,141,141,138,116,116,108,88,87,88,87,87,37,63,72,65,68,63,35,28,28,372,372,395,394,354,328,1373,1360,1428,1329,1977,938,1302,857,1669,0,661,242,242,242,5060,5140,1852,1510]} 1. d4 Nf6 2. c4 e6 3. g3 d5 4. Bg2 Be7 5. Nf3 O-O 6. O-O dxc4 7. Qc2 a6 8. a4 $1 {8.a4 scores better than 8.Qxc4.} Bd7 9. Rd1 {E05: Open Catalan: 5 Nf3 Be7.} Bc6 10. Bg5 Nbd7 11. Qxc4 {The position is equal.} h6 12. Bxf6 Nxf6 13. Nc3 Bd5 14. Qd3 Bxf3 15. Bxf3 c6 {[#]} 16. Qc2 $1 $146 {[%mdl 8] A relevant novelty.} ({Predecessor:} 16. e3 Qa5 17. Nb1 Bb4 18. Na3 Bxa3 19. Qxa3 Rad8 20. Kg2 Rfe8 21. b4 Qf5 22. h3 {½-½ (39) Grischuk,A (2764)-Navara,D (2703) Hamburg 2019}) 16... Qb6 17. a5 Qc7 18. Qb3 Rab8 19. e3 Rfd8 20. Kg2 g6 21. Qa4 Qd6 22. Rac1 Kg7 23. Qa2 Qb4 24. Nb1 Qb5 25. Nc3 Qb4 $1 26. Rc2 Rd7 27. Nb1 {[%cal Bc3b1,Bb1d2,Bd2c4,Bc4e5][%mdl 32]} Rbd8 28. Nd2 {[#]} e5 $1 {[%mdl 512]} 29. Nc4 $36 {[%mdl 2048] White has the initiative.} (29. dxe5 Ng4) 29... exd4 {[#]} (29... e4 $11 30. Be2 Rf8) 30. Ne5 $1 $16 {[%csl LRd7,LRf7][%mdl 576] Double Attack} Rd5 31. Bxd5 Rxd5 32. Rxd4 Qxa5 33. Qxa5 Rxa5 34. Nf3 c5 (34... h5 $142) 35. Rd3 ({White should try} 35. Rd1) 35... b5 36. b4 (36. Rdd2 $16) 36... cxb4 $11 37. Rc7 Ra3 38. Rd1 Kf8 39. Rc8+ Kg7 40. Rc7 Kf8 41. Nd4 Nd5 42. Rb7 Nc3 $1 {[%cal Rc3d1]} 43. Rd3 {Threatens to win with Nc6.} Ne4 44. Nb3 Ra2 45. Rd4 Nd6 46. Ra7 h5 47. e4 Re2 (47... Ra3 $14 48. e5 Nf5) 48. Rxa6 Nxe4 49. Kf3 Nc3 50. Rd7 {[%mdl 1024] White has strong compensation.} Re5 51. Ra8+ Kg7 52. Raa7 Rf5+ 53. Kg2 Bf8 54. f3 g5 55. Rab7 Rf6 56. Nd4 Bc5 57. Nxb5 g4 $1 {[%cal Rg4f3]} 58. f4 {aiming for Nxc3.} (58. Rd3 $5 {[%cal Rb5c3]}) 58... Ne4 $1 59. Nc7 {Black must now prevent Ne8+.} Nd6 $2 {[%mdl 8192] [#]} (59... Kg6 $1 $11) 60. Rxd6 $1 $18 {[%mdl 576] Remove Defender, Decoy} Bxd6 {[%mdl 4096] Endgame KRB-KRN} 61. Ne8+ {[%mdl 64] Double Attack} Kg6 {intending ...Re6.} 62. Rb6 ({But not} 62. Nxf6 Kxf6 63. Rb5 Ke6 $18) 62... Be7 $2 (62... Re6) 63. Nxf6 Bxf6 {KR-KB} 64. h3 b3 65. Rxb3 (65. hxg4 $142 hxg4 66. Rxb3) 65... Bd4 66. Rb4 Be3 67. Rb3 (67. hxg4 $142 hxg4 68. Rb3) 67... Bd4 68. Rd3 $2 (68. hxg4 hxg4 69. Rd3) 68... Ba7 69. Rd5 gxh3+ $2 (69... f6 70. h4 Bb6) 70. Kxh3 Bf2 71. Rg5+ {Accuracy: White = 82%, Black = 73%.} 1-0

[Event "Skalica Masters 2020"]
[Site "Skalica"]
[Date "2020.08.25"]
[Round "4.1"]
[White "Jablonicky, Martin"]
[Black "Druska, Juraj"]
[Result "1/2-1/2"]
[WhiteElo "2314"]
[BlackElo "2515"]
[Annotator "ChessBase"]
[PlyCount "41"]
[EventDate "2020.08.23"]
[EventType "tourn"]
[EventCountry "SVK"]
[SourceTitle "playchess.com"]
[Source "ChessBase"]
[SourceQuality "1"]
[TimeControl "40/5400+30:1800+30"]

1. Nf3 {[%emt 0:03:17]} d5 {[%emt 0:00:00]} 2. g3 {[%emt 0:00:15]} Nf6 {[%emt 0:01:47]} 3. Bg2 {[%emt 0:00:09]} e6 {[%emt 0:00:05]} 4. O-O {[%emt 0:00:05]} Be7 {[%emt 0:00:06]} 5. d3 {[%emt 0:00:23]} O-O {[%emt 0:00:56]} 6. Nbd2 {[%emt 0:00:08]} c5 {[%emt 0:00:24]} 7. b3 {[%emt 0:00:06]} Nc6 {[%emt 0:03:02]} 8. Bb2 {[%emt 0:00:06]} b6 {[%emt 0:00:46]} 9. Ne5 {[%emt 0:00:20]} Nxe5 {[%emt 0:03:00]} 10. Bxe5 {[%emt 0:00:08]} Bb7 {[%emt 0:00:08]} 11. e4 {[%emt 0:04:17]} Qd7 {[%emt 0:23:25]} 12. Qe2 {[%emt 0:04:36]} Rfd8 {[%emt 0:07:08]} 13. f4 {[%emt 0:03:03]} dxe4 {[%emt 0:02:24]} 14. Nxe4 {[%emt 0:00:09]} Nxe4 {[%emt 0:00:16]} 15. Bxe4 {[%emt 0:00:07]} Bxe4 {[%emt 0:00:43]} 16. Qxe4 {[%emt 0:00:06]} Qd5 {[%emt 0:00:20]} 17. Rae1 {[%emt 0:01:21]} g6 {[%emt 0:04:57]} 18. g4 {[%emt 0:07:01]} Rac8 {[%emt 0:22:34]} 19. f5 {[%emt 0:06:25]} Qxe4 {[%emt 0:00:51]} 20. Rxe4 {[%emt 0:00:11]} exf5 {[%emt 0:00:09]} 21. gxf5 {[%emt 0:00:17]} 1/2-1/2

[Event "Skalica Masters 2020"]
[Site "Skalica"]
[Date "2020.08.25"]
[Round "4.2"]
[White "Saric, Ivan"]
[Black "Donchenko, Alexander"]
[Result "1-0"]
[WhiteElo "2646"]
[BlackElo "2657"]
[Annotator "TA"]
[PlyCount "53"]
[EventDate "2020.08.23"]
[EventType "tourn"]
[EventCountry "SVK"]
[SourceTitle "playchess.com"]
[Source "ChessBase"]
[SourceQuality "1"]

{[%evp 23,53,14,24,15,15,0,18,26,98,57,88,85,92,82,84,61,329,337,432,423,426,410,1030,618,1233,1231,2114,2118,2266,2210,1970,1854]} 1. e4 e5 2. Nf3 Nc6 3. Bb5 a6 4. Ba4 Nf6 5. O-O Be7 6. Re1 b5 7. Bb3 O-O 8. a4 b4 9. a5 d6 10. d3 Be6 11. Bxe6 fxe6 12. c3 Rb8 13. d4 $5 {[%mdl 4] Exploring less charted territory. C90: Closed Ruy Lopez with 7...d6: Early deviations.} bxc3 14. bxc3 Qe8 15. Nbd2 {[#] The position is equal.} Qg6 $146 (15... Nh5 $11) ({Predecessor:} 15... exd4 16. cxd4 Nb4 17. Qb3 Nh5 18. Qxe6+ Kh8 19. Rb1 Nf4 20. Qc4 Qg6 21. g3 d5 22. exd5 {1-0 (32) Sevian,S (2642)-Sasikiran,K (2678) Astana 2019}) 16. Qe2 (16. Qa4 {with more complications.} Qe8 17. Qc4 Rb5 18. Qxe6+ Qf7 19. Qxf7+ Kxf7 20. d5) 16... exd4 17. Qxa6 dxc3 18. Qxc6 {[%mdl 64] [#] Double Attack} cxd2 19. Bxd2 {a6 is the strong threat.} Rb3 $2 {[%mdl 8192]} ({Black should try} 19... Ng4 $1 $14 20. Qxc7 Rbe8) 20. Nd4 $18 Ng4 21. Nxb3 Bh4 22. Rf1 Rf3 (22... Bxf2+ $142 23. Rxf2 (23. Kh1 Qh5 $17) 23... Nxf2) 23. Qa8+ {White is clearly winning.} Kf7 24. Rac1 Be7 25. Nd4 Rd3 26. Rxc7 Qh5 27. Bf4 {White took control after the opening. Accuracy: White = 86%, Black = 52%.} 1-0

[Event "Skalica Masters 2020"]
[Site "Skalica"]
[Date "2020.08.25"]
[Round "4.3"]
[White "Yankelevich, Lev"]
[Black "Berkes, Ferenc"]
[Result "0-1"]
[WhiteElo "2461"]
[BlackElo "2661"]
[Annotator "TA"]
[PlyCount "78"]
[EventDate "2020.08.23"]
[EventType "tourn"]
[EventCountry "SVK"]
[SourceTitle "playchess.com"]
[Source "ChessBase"]
[SourceQuality "1"]

{[%evp 9,77,-4,0,0,25,15,29,14,27,14,32,22,29,29,2,0,0,14,12,-42,-39,-24,-32,-52,-50,-48,-46,-50,-36,-28,-35,-97,-103,-207,-202,-246,-261,-229,-272,-256,-254,-282,-260,-275,-163,-157,-145,-171,-168,-162,-159,-163,-123,-139,-133,-187,-191,-262,-249,-263,-240,-389,-376,-437,-421,-400,-407,-477,-453,-29999]} 1. e4 c6 2. Nf3 d5 3. d3 dxe4 4. dxe4 Qxd1+ 5. Kxd1 Nf6 6. Nbd2 {B10: Caro-Kann: 2 d3 and 2 c4.} g6 7. Ne1 Bg7 8. Nd3 {White has an edge.} O-O 9. c3 {[#]} b6 $146 ({Predecessor:} 9... Rd8 10. Kc2 a5 11. a4 Na6 12. f3 Nd7 13. Nc4 Nac5 14. Nxc5 Nxc5 15. Be3 Ne6 {1-0 (28) Chigaev,M (2588)-Rodrigue Lemieux,S (2276) chess.com INT 2020}) 10. f3 c5 11. a4 Nc6 12. Kc2 Ne8 13. Nc4 f5 14. exf5 (14. Nf2 $11) 14... Bxf5 $15 15. g4 Be6 16. Nf4 Bf7 $1 $36 {[%mdl 2048] Black has the initiative.} 17. Bd3 Rd8 18. Re1 Nc7 19. Be2 h6 20. Nh3 (20. Be3 $15) 20... Ne6 $17 {Hoping for ...Ncd4+!} 21. Be3 {[#]} (21. Rd1 $17) 21... Ned4+ $1 $19 {[%mdl 512]} 22. cxd4 cxd4 23. Bd2 {aiming for Bd3.} d3+ $1 24. Bxd3 {Black should prevent Bc3.} Nd4+ {[%mdl 64] Double Attack} 25. Kb1 Nxf3 {[%mdl 64] Double Attack} 26. Kc2 {[#]} Rxd3 ({Not} 26... Nxe1+ 27. Rxe1 Rxd3 28. Kxd3 $17) (26... Nd4+ $142 $1 27. Kc3 {[#]} Nb3+ $1 {[%mdl 576] Deflection, Decoy} 28. Kxb3 Rxd3+ {[%mdl 64] Double Attack} 29. Bc3 Rc8) 27. Kxd3 Rd8+ 28. Kc2 Bxc4 29. Bc3 Nxe1+ 30. Rxe1 Rd7 31. Nf4 Bf7 32. Ne6 (32. Nd3 $17 {keeps fighting.}) 32... Bf6 33. h3 (33. Nf4 $142) 33... g5 34. Re3 a5 35. Kc1 (35. Re1 {was worth a try.}) 35... Rd6 36. Nc7 Bb3 {[%csl Gb3][%cal Rd6d1]} 37. Re1 Bxa4 38. Bxf6 exf6 (38... Rxf6 $2 39. Nd5 $17) 39. Re7 (39. Kb1 $19) 39... Rd1# {Accuracy: White = 60%, Black = 87%.} 0-1

[Event "Skalica Masters 2020"]
[Site "Skalica"]
[Date "2020.08.25"]
[Round "4.5"]
[White "Gazik, Viktor"]
[Black "Schwarz, Dusan"]
[Result "1-0"]
[WhiteElo "2502"]
[BlackElo "2297"]
[Annotator "TA"]
[PlyCount "85"]
[EventDate "2020.08.23"]
[EventType "tourn"]
[EventCountry "SVK"]
[SourceTitle "playchess.com"]
[Source "ChessBase"]
[SourceQuality "1"]

{[%evp 29,85,39,46,33,60,33,57,42,42,29,28,20,23,19,21,26,15,21,42,40,43,50,195,193,677,681,681,706,1041,473,473,454,1788,1685,29967,29964,29985,29986,29986,29987,29987,29987,29987,29988,29988,29989,29989,29990,29990,29991,29991,29992,29992,29993,29997,29998,29998,1110]} 1. e4 e5 2. Nf3 Nc6 3. Bb5 a6 4. Ba4 Nf6 5. O-O Be7 6. Re1 b5 7. Bb3 O-O 8. c3 d5 9. exd5 Nxd5 10. Nxe5 Nxe5 11. Rxe5 c6 12. d4 Bd6 13. Re1 Qh4 14. g3 Qh3 15. Re4 $1 {[%mdl 4] outshines the older 15.Be3.} g5 16. Qf1 {C89: Closed Ruy Lopez: Marshall Attack.} (16. Bxg5 Qf5 $17) 16... Qh5 17. Nd2 Bf5 18. f3 {White is slightly better.} Rae8 19. Rxe8 Rxe8 {[#]} 20. Ne4 $1 {[%mdl 512]} Bxe4 21. fxe4 Rxe4 {aiming for ...Bxg3!} 22. Bd1 $1 {[%cal Rd1h5]} g4 23. a4 $36 {[%mdl 2048] White has good play.} b4 24. Bd2 $1 bxc3 25. bxc3 {[#]} c5 $146 {Black cannot hold the game after this.} (25... Ne3 $14 26. Qe1 (26. Qxa6 Bxg3 27. hxg3 Qh3 $17) 26... f5) ({Predecessor:} 25... Ne3 26. Qe1 Bf8 27. Bb3 Re7 28. Qf2 Bh6 29. Re1 Rb7 30. Bxe3 Rxb3 31. Bxh6 Qxh6 {0-1 (57) Percze,J (2553)-Ohtake,S (2540) ICCF email 2006}) 26. Qxa6 $18 Bxg3 $2 (26... Re6 27. Qd3 cxd4) 27. hxg3 Qh3 {[#]} 28. Qd6 $1 {[%mdl 64] Double Attack} ({Worse is} 28. Qa8+ Kg7 $11) 28... cxd4 29. cxd4 (29. Rb1 $142) 29... Kg7 {And now ...Ne3 would win.} 30. Ra3 Ne7 (30... Nf4 $142 31. Qxf4 (31. gxf4 $2 g3 $19) 31... Rxf4 32. Bxf4 Qh5) 31. d5 {White threatens Bc3+ and mate.} f6 32. Re3 {White mates.} Re5 {[#]} 33. Bc3 $3 {[%mdl 512]} Nf5 34. Qd7+ Kg6 35. Bc2 Rxe3 36. Qxf5+ {[%mdl 64] Double Attack} Kf7 37. Qxf6+ Ke8 38. Qh8+ Kf7 39. Qg7+ Ke8 40. Qg8+ Kd7 41. Bf5+ Kc7 42. Qc8+ Kd6 43. Qc6+ {Accuracy: White = 92%, Black = 52%.} (43. Qd7+ $142 Kc5 44. Qc6#) 1-0

[Event "Skalica Masters 2020"]
[Site "Skalica"]
[Date "2020.08.26"]
[Round "5.1"]
[White "Schwarz, Dusan"]
[Black "Jablonicky, Martin"]
[Result "1-0"]
[WhiteElo "2297"]
[BlackElo "2314"]
[Annotator "RC"]
[PlyCount "83"]
[EventDate "2020.08.23"]
[EventType "tourn"]
[EventCountry "SVK"]
[SourceTitle "playchess.com"]
[Source "ChessBase"]
[SourceQuality "1"]
[TimeControl "40/5400+30:1800+30"]

1. d4 {[%emt 0:00:00]} Nf6 {[%emt 0:06:33]} 2. c4 {[%emt 0:00:00]} g6 {[%emt 0:00:05]} 3. Nc3 {[%emt 0:00:00]} Bg7 {[%emt 0:00:04]} 4. e4 {[%emt 0:00:09]} d6 {[%emt 0:00:04]} 5. h3 {[%emt 0:00:42]} O-O {[%emt 0:00:07]} 6. Be3 {[%emt 0:00:28]} c5 {[%emt 0:02:20]} 7. d5 {[%emt 0:00:48]} e6 {[%emt 0:00:33]} 8. Nf3 {[%emt 0:00:38]} exd5 {[%emt 0:00:00]} 9. exd5 {[%emt 0:01:00]} Re8 {[%emt 0:01:17]} 10. Bd3 {[%emt 0:01:05]} Nfd7 {[%emt 0:06:52]} 11. O-O {[%emt 0:02:12]} Ne5 {[%emt 0:00:39]} 12. Nxe5 {[%emt 0:12:42]} Bxe5 {[%emt 0:00:00]} 13. Qd2 {[%emt 0:00:30]} Nd7 {[%emt 0:00:27]} 14. Rae1 {[%emt 0:00:30]} Bg7 {[%emt 0:00:30]} 15. Bg5 {[%emt 0:00:30]} f6 {[%emt 0:00:10]} 16. Rxe8+ {[%emt 0:08:26]} Qxe8 {[%emt 0:00:05]} 17. Bh4 {[%emt 0:00:43]} Ne5 {[%emt 0:02:22]} 18. Re1 {[%emt 0:06:11]} Qf8 {[%emt 0:00:38]} 19. Bf1 {[%emt 0:12:53]} Bd7 {[%emt 0:05:40]} 20. f4 {[%emt 0:00:51]} Nf7 {[%emt 0:00:05]} 21. Ne4 {[%emt 0:04:27]} Nh6 {[%emt 0:00:06]} 22. Bf2 {[%emt 0:02:53]} Re8 {[%emt 0:07:57]} 23. Qa5 {[%emt 0:02:14]} f5 {[%emt 0:00:32]} 24. Ng5 {[%emt 0:01:54]} Rxe1 {[%emt 0:02:32]} 25. Bxe1 {[%emt 0:00:51]} Bxb2 {[%emt 0:04:14]} 26. Qxa7 {[%emt 0:01:27]} Bd4+ {[%emt 0:04:10]} 27. Bf2 {[%emt 0:09:37]} Bxf2+ {[%emt 0:06:18]} 28. Kxf2 {[%emt 0:00:04]} Bc8 {[%emt 0:02:29]} 29. Be2 {[%emt 0:03:07]} Nf7 {[%emt 0:00:34]} 30. Ne6 {[%emt 0:01:13]} Bxe6 {[%emt 0:00:11]} 31. dxe6 {[%emt 0:00:07]} Nd8 {[%emt 0:00:04]} 32. Bf3 {[%emt 0:02:13]} Qe7 {[%emt 0:00:10]} 33. Bd5 {[%emt 0:00:53]} Kg7 {[%emt 0:00:06]} 34. Qb6 {[%emt 0:06:25]} h6 {[%emt 0:02:03]} 35. a4 {[%emt 0:08:04]} g5 {[%emt 0:00:15]} 36. Qb2+ {[%emt 0:01:01]} Kg6 {[%emt 0:02:42]} 37. fxg5 {[%emt 0:04:31]} hxg5 {[%emt 0:00:51]} 38. Qe2 {[%emt 0:02:36]} Kf6 {[%emt 0:02:43]} 39. g4 {[%emt 0:02:20]} Nxe6 {[%emt 0:00:39]} 40. gxf5 {[%emt 0:00:18]} Nd8 {[%emt 0:07:14]} 41. Qxe7+ {[%emt 0:30:33]} Kxe7 {[%emt 0:30:07]} 42. a5 {[%emt 0:00:15]} 1-0

[Event "Skalica Masters 2020"]
[Site "Skalica"]
[Date "2020.08.26"]
[Round "5.3"]
[White "Berkes, Ferenc"]
[Black "Sahidi, Samir"]
[Result "1/2-1/2"]
[WhiteElo "2661"]
[BlackElo "2400"]
[Annotator "TA"]
[PlyCount "65"]
[EventDate "2020.08.23"]
[EventType "tourn"]
[EventCountry "SVK"]
[SourceTitle "playchess.com"]
[Source "ChessBase"]
[SourceQuality "1"]

{[%evp 27,65,37,45,27,54,43,41,37,45,19,27,-2,47,-2,36,43,54,13,28,18,23,22,26,30,28,15,8,0,59,49,101,30,52,28,33,32,54,0,6,0]} 1. d4 Nf6 2. c4 e6 3. Nc3 d5 4. cxd5 exd5 5. Bg5 c6 6. e3 Be7 7. Bd3 O-O 8. Qc2 Nbd7 {[%cal Bb8d7,Bd7f8,Bf8g6][%mdl 32]} 9. h3 Re8 10. Nf3 Nf8 11. Bf4 Ng6 12. Bh2 Bd6 13. Bxd6 Qxd6 14. O-O-O Be6 {has lost popularity (14...b5).} 15. Kb1 {D36: Queen's Gambit Declined: Exchange Variation: Main line (5 Bg5 c6 6 Qc2).} Rac8 16. Rc1 b6 17. g4 {White is slightly better.} c5 {[#]} 18. dxc5 $146 ({Predecessor:} 18. Ba6 Rcd8 19. Nb5 Qc6 20. Ne5 Nxe5 21. dxe5 Nd7 22. Nd6 Re7 23. Bb5 Qc7 24. f4 {½-½ (39) Schwarz,R (2293)-Kayis,C (2293) ICCF email 2017}) 18... bxc5 19. Rhd1 Nf8 20. Bf5 d4 21. exd4 Qf4 22. Bxe6 (22. d5 {seems wilder.} Qxf3 23. dxe6 Nxe6 24. Nb5 Rb8 25. Nd6) 22... Nxe6 23. Qf5 Qxf5+ 24. gxf5 Nxd4 25. Nxd4 cxd4 26. Nb5 {Threatens to win with Rxc8.} Rxc1+ 27. Kxc1 $11 {[%mdl 4096] Endgame KRN-KRN} h5 (27... Rc8+ $11 28. Kb1 a6 29. Nxd4 Ne4) 28. Rxd4 ({Don't play} 28. Nxd4 Ne4 $11) 28... Re1+ ({Black should try} 28... a5 $14) 29. Rd1 (29. Kd2 $16 Rb1 30. Kc3) 29... Re5 30. Rd8+ Kh7 31. Nd6 Rd5 32. f3 h4 33. Nxf7 {Accuracy: White = 63%, Black = 69%.} 1/2-1/2

[Event "Skalica Masters 2020"]
[Site "Skalica"]
[Date "2020.08.26"]
[Round "5.4"]
[White "Donchenko, Alexander"]
[Black "Yankelevich, Lev"]
[Result "1-0"]
[WhiteElo "2657"]
[BlackElo "2461"]
[Annotator "TA"]
[PlyCount "77"]
[EventDate "2020.08.23"]
[EventType "tourn"]
[EventCountry "SVK"]
[SourceTitle "playchess.com"]
[Source "ChessBase"]
[SourceQuality "1"]

{[%evp 11,30,28,22,25,34,22,27,13,16,22,27,19,31,14,38,43,57,57,71,62,83]} 1. d4 Nf6 2. c4 c6 3. Nf3 d5 4. e3 Bf5 5. Nc3 e6 6. Nh4 Bg6 {6...Be4 might become the main line. Played by Pentala Harikrishna in July 2020.} 7. Be2 {D12: Slav Defence: 3 Nf3 Nf6 4 e3 Bf5.} Nbd7 8. Bd2 dxc4 9. Nxg6 {White has an edge.} hxg6 10. Bxc4 {[#]} Qb8 $146 ({Predecessor:} 10... Qc7 11. h3 Nb6 12. Be2 e5 13. dxe5 Qxe5 14. Qb3 Bc5 15. O-O-O Qe7 16. Bf3 O-O-O {½-½ (27) Wang,Y (2723)-Bu,X (2698) Shenzhen 2016}) 11. h3 Bd6 12. Qc2 a5 13. Be2 Nd5 14. a3 N7f6 15. Na4 Nd7 {Accuracy: White = 100%, Black = 100%.} 16. Rd1 N5f6 17. Bc1 g5 18. g3 g4 19. h4 e5 20. Nc3 exd4 21. Ne4 c5 22. exd4 cxd4 23. Rxd4 Be5 24. Nxf6+ Nxf6 25. Qc5 Bxd4 26. Bb5+ Nd7 27. Qxd4 O-O 28. Bxd7 Rd8 29. Bf4 Qc8 30. Bxc8 Rxd4 31. Bxb7 Re8+ 32. Kf1 Re7 33. Bc8 Rd1+ 34. Kg2 Rxh1 35. Kxh1 Re2 36. b4 axb4 37. axb4 Rxf2 38. Bxg4 Rb2 39. Bd6 1-0